000 00291nam a22001337a 4500
008 171017b xxu||||| |||| 00| 0 eng d
020 _a053808460
041 _aeng
080 _a33
100 _a52
101 _aECO
245 _aCONSUMER IN THE ECONOMY
_cGREEN.D.H
942 _2udc
_cBK
999 _c34298
_d34298